000 00688cam a2200217 a 4500
001 4472870
005 20171215045122.0
008 960912r1997 nyu 001 0 eng
010 _a 96043423
020 _a0393040054
040 _aDLC
_cDLC
_dDLC
041 _aeng
080 _a808.85
082 0 0 _a808.85 SAF
_220
100 _a17
101 _aHIS
245 0 0 _aLend me your ears :
_cselected and introduced by William Safire.
906 _a7
_bcbc
_corignew
_d1
_eocip
_f19
_gy-gencatlg
942 _2ddc
_cBK
999 _c38994
_d38994